01015cam a22002775a 45000010009000000050017000090080041000260200018000670400028000850820020001132450041001332500012001742600046001863000027002324900032002595000079002915000055003706500041004256500051004666510010005176530019005277000025005469420008005719990017005799520141005961785123320160523151123.0130814s2014 enk frd f000 0 eng d a9780199664931 aDLCbengcDLCdEG-ScBUE04222a332.03bDIC02aA dictionary of finance and banking. a5th ed. aOxford :bOxford University Press,c2014. aviii, 491 p. ;c20 cm.0 aOxford paperback reference. a"Editor of the fourth and fifth editions, Jonathan Law"--Preliminary page. aThe indispensable A-Z guide to fiscal terminology. 7aFinancevDictionaries.2BUEsh919576 7aBanks and bankingvDictionaries.2BUEsh940073 2BUEsh bEEENGcMay20161 aLaw, Jonathan.97244 2ddc c21803d21775 00102ddc40708AlahramaMAINbMAINc1STd2016-05-23ePurchaseg87.00h4o332.03 DICp000032575r2025-07-15 00:00:00v108.75yREFERENCE